[Event "Warsaw Szansa blitz op"]
[Site "Warsaw"]
[Date "2023.09.16"]
[Round "13"]
[White "Budzisz, Adrian"]
[Black "Niezhentsev, Kyrylo"]
[Result "1-0"]
[WhiteElo "2084"]
[BlackElo "2009"]
[PlyCount "91"]
[EventDate "2023.09.16"]
[EventType "swiss (blitz)"]
[EventRounds "13"]
[EventCountry "POL"]
[SourceTitle "EXT 2024"]
[Source "ChessBase"]
[SourceDate "2023.10.10"]
[SourceVersion "1"]
[SourceVersionDate "2023.10.10"]
[SourceQuality "1"]

1. e4 c5 2. Nf3 d6 3. Bb5+ Nd7 4. a4 a6 5. Bc4 e6 6. 0-0 Ngf6 7. Re1 Be7 8. c3 0-0 9. Bd3 b6 10. Bc2 Bb7 11. d4 Rc8 12. Na3 e5 13. Bg5 h6 14. Bh4 Re8 15. dxe5 dxe5 16. Nc4 Rb8 17. Ncxe5 Nxe5 18. Nxe5 Qc7 19. Nf3 Rbd8 20. Bg3 Rxd1 21. Bxc7 Rxa1 22. Rxa1 Bxe4 23. Bxe4 Nxe4 24. Bxb6 Rb8 25. a5 Rb7 26. Re1 f5 27. Ne5 Bf6 28. Nc4 Rd7 29. f3 Nd2 30. Ne3 f4 31. Ng4 Nc4 32. Bxc5 Nxb2 33. Nxf6+ gxf6 34. Bd4 Nc4 35. Re6 Rb7 36. h4 Rb1+ 37. Kh2 Nd2 38. Rxf6 Nf1+ 39. Kh3 h5 40. Rxf4 Nd2 41. Rf5 Rh1+ 42. Kg3 Nf1+ 43. Kf2 Nd2 44. Rxh5 Nc4 45. Rh8+ Kf7 46. h5 1-0

[Event "Warsaw Szansa blitz op"]
[Site "Warsaw"]
[Date "2023.09.16"]
[Round "7"]
[White "Kroliczek, Gabriela"]
[Black "Niezhentsev, Kyrylo"]
[Result "1-0"]
[WhiteElo "1956"]
[BlackElo "2009"]
[PlyCount "65"]
[EventDate "2023.09.16"]
[EventType "swiss (blitz)"]
[EventRounds "13"]
[EventCountry "POL"]
[SourceTitle "EXT 2024"]
[Source "ChessBase"]
[SourceDate "2023.10.10"]
[SourceVersion "1"]
[SourceVersionDate "2023.10.10"]
[SourceQuality "1"]

1. e4 c5 2. Nc3 e6 3. d4 cxd4 4. Qxd4 Nc6 5. Qd2 Nf6 6. f3 Be7 7. b3 d5 8. exd5 exd5 9. Bb2 0-0 10. 0-0-0 Be6 11. Bd3 Rc8 12. Kb1 Qa5 13. Nge2 a6 14. g4 Rfd8 15. g5 Ne8 16. f4 Nd6 17. Ng3 g6 18. Qf2 Bf8 19. f5 gxf5 20. Nxf5 Bxf5 21. Bxf5 Nxf5 22. Qxf5 d4 23. Qxa5 Nxa5 24. Ne4 Bg7 25. Nf6+ Kh8 26. Bxd4 Nc6 27. Bb2 Ne7 28. h4 Nf5 29. h5 h6 30. gxh6 Nxh6 31. Rhg1 Rxd1+ 32. Rxd1 Rc7 33. Rd8+ 1-0

[Event "POL-ch Blitz U18"]
[Site "Bydgoszcz"]
[Date "2023.08.31"]
[Round "4"]
[White "Obrycki, Tomasz"]
[Black "Niezhentsev, Kyrylo"]
[Result "0-1"]
[WhiteElo "1640"]
[BlackElo "2009"]
[PlyCount "74"]
[EventDate "2023.08.28"]
[EventType "swiss"]
[EventRounds "10"]
[EventCountry "POL"]
[SourceTitle "EXT 2024"]
[Source "ChessBase"]
[SourceDate "2023.10.10"]
[SourceVersion "1"]
[SourceVersionDate "2023.10.10"]
[SourceQuality "1"]

1. e4 c5 2. Nf3 e6 3. g3 Nc6 4. Bg2 Nf6 5. d3 Be7 6. 0-0 d5 7. e5 Nd7 8. Re1 0-0 9. h4 b6 10. Bf4 Bb7 11. c4 dxc4 12. dxc4 Na5 13. b3 Bc6 14. Nc3 Qc7 15. Qe2 Qb7 16. Rad1 Rfd8 17. Kh2 Nf8 18. Rxd8 Rxd8 19. Rd1 Rxd1 20. Qxd1 Ng6 21. Nb5 Nxf4 22. gxf4 a6 23. Nd6 Qd7 24. Ng5 Bxd6 25. Bxc6 Nxc6 26. Qxd6 Qxd6 27. exd6 h6 28. Ne4 Kf8 29. Kg3 Ke8 30. Kf3 Nd4+ 31. Ke3 Kd7 32. Kd3 f5 33. Ng3 Kxd6 34. Nh5 g6 35. Nf6 Ke7 36. Ng8+ Kf7 37. Nxh6+ Kg7 0-1

[Event "POL-ch Rapid U18"]
[Site "Bydgoszcz"]
[Date "2023.08.29"]
[Round "1"]
[White "Bak, Patryk"]
[Black "Niezhentsev, Kyrylo"]
[Result "0-1"]
[WhiteElo "1178"]
[BlackElo "2146"]
[PlyCount "56"]
[EventDate "2023.08.28"]
[EventType "swiss"]
[EventRounds "11"]
[EventCountry "POL"]
[SourceTitle "EXT 2024"]
[Source "ChessBase"]
[SourceDate "2023.10.10"]
[SourceVersion "1"]
[SourceVersionDate "2023.10.10"]
[SourceQuality "1"]

1. e4 c5 2. Nf3 e6 3. c3 Nf6 4. Qc2 Nc6 5. d4 cxd4 6. cxd4 Nb4 7. Qe2 b6 8. a3 Ba6 9. Qd1 Bxf1 10. Rxf1 Nc6 11. Nc3 d5 12. exd5 Nxd5 13. Qa4 Qd7 14. Nxd5 Qxd5 15. Be3 Bd6 16. Rc1 Rc8 17. Qa6 0-0 18. Qd3 e5 19. Qd2 e4 20. Ng5 Na5 21. Rc3 f5 22. g3 Nc4 23. Qc1 b5 24. Nh3 b4 25. Rc2 bxa3 26. Nf4 Bxf4 27. gxf4 axb2 28. Qb1 Na3 0-1

[Event "Warsaw Najdorf Memorial op-A"]
[Site "Warsaw"]
[Date "2023.07.12"]
[Round "2"]
[White "Niezhentsev, Kyrylo"]
[Black "Wadelek, Karol"]
[Result "1-0"]
[WhiteElo "2057"]
[BlackElo "1943"]
[PlyCount "69"]
[EventDate "2023.07.11"]
[EventType "swiss"]
[EventRounds "9"]
[EventCountry "POL"]
[SourceTitle "EXT 2024"]
[Source "ChessBase"]
[SourceDate "2023.10.10"]
[SourceVersion "1"]
[SourceVersionDate "2023.10.10"]
[SourceQuality "1"]

1. e4 c5 2. Nf3 d6 3. Bb5+ Bd7 4. Bxd7+ Qxd7 5. c4 Nc6 6. Nc3 Nf6 7. d4 cxd4 8. Nxd4 g6 9. f3 Bg7 10. Be3 0-0 11. 0-0 Rfc8 12. b3 Ne8 13. Qd2 Nc7 14. Rad1 Nxd4 15. Bxd4 Bxd4+ 16. Qxd4 Qc6 17. Kh1 b5 18. Rc1 bxc4 19. bxc4 Ne6 20. Qd2 Rab8 21. Nd5 Rb7 22. f4 Nc5 23. Rfe1 f6 24. Rb1 Rcb8 25. Nxe7+ Rxe7 26. Rxb8+ Kg7 27. e5 fxe5 28. fxe5 Nd7 29. Rb5 Nxe5 30. Rd5 Re6 31. c5 Nf3 32. Qc3+ Ne5 33. Qd4 dxc5 34. Rxc5 Qd7 35. Rd5 1-0

[Event "Warsaw Maciei Memorial"]
[Site "Warsaw"]
[Date "2023.07.10"]
[Round "10"]
[White "Babiarz, Arkadiusz"]
[Black "Niezhentsev, Kyrylo"]
[Result "0-1"]
[WhiteElo "1976"]
[BlackElo "2057"]
[PlyCount "50"]
[EventDate "2023.07.10"]
[EventType "swiss (blitz)"]
[EventRounds "11"]
[EventCountry "POL"]
[SourceTitle "CBM 215 Extra"]
[Source "ChessBase"]
[SourceDate "2023.09.30"]
[SourceVersion "1"]
[SourceVersionDate "2023.09.30"]
[SourceQuality "1"]

1. e4 c5 2. Nf3 d6 3. c3 Nf6 4. h3 Nc6 5. Bd3 g6 6. Bc2 Bg7 7. 0-0 0-0 8. d4 cxd4 9. cxd4 Nb4 10. Nc3 Nxc2 11. Qxc2 Be6 12. Be3 Rc8 13. Rfe1 Bc4 14. Rac1 b5 15. b3 Be6 16. Qd3 b4 17. Ne2 Qa5 18. Qb1 d5 19. e5 Bf5 20. Qb2 Ne4 21. Nd2 Nc3 22. Ra1 Nxe2+ 23. Rxe2 Rc2 24. Nc4 Rxb2 25. Nxa5 Rxe2 0-1

[Event "Warsaw Maciei Memorial"]
[Site "Warsaw"]
[Date "2023.07.10"]
[Round "3"]
[White "Niezhentsev, Kyrylo"]
[Black "Gagare, Shardul"]
[Result "0-1"]
[WhiteElo "2057"]
[BlackElo "2480"]
[PlyCount "90"]
[EventDate "2023.07.10"]
[EventType "swiss (blitz)"]
[EventRounds "11"]
[EventCountry "POL"]
[SourceTitle "CBM 215 Extra"]
[Source "ChessBase"]
[SourceDate "2023.09.30"]
[SourceVersion "1"]
[SourceVersionDate "2023.09.30"]
[SourceQuality "1"]

1. e4 e6 2. d4 d5 3. e5 c5 4. c3 Qb6 5. Nf3 Bd7 6. Bd3 Bb5 7. Bxb5+ Qxb5 8. Na3 Qa6 9. Nc2 Nc6 10. Qe2 Qb6 11. 0-0 Nge7 12. dxc5 Qxc5 13. Be3 Qc4 14. Qxc4 dxc4 15. Na3 Na5 16. Nb5 Nd5 17. Rad1 Kd7 18. Ng5 a6 19. Nd4 Ke8 20. Ne2 Nc6 21. Bd4 Be7 22. Ne4 Kd7 23. b3 b5 24. bxc4 bxc4 25. Nd2 Nxd4 26. Nxd4 Rhc8 27. Ne4 Rab8 28. Rb1 Nf4 29. Rfd1 Nd3 30. Nf3 Kc6 31. Ned2 Kd5 32. Kf1 Bc5 33. Ke2 Nxf2 34. Rf1 Ng4 35. Ng5 Rxb1 36. Rxb1 Nxe5 37. Rb7 Rf8 38. Nxh7 Rh8 39. Ng5 Rxh2 40. Kf1 Rh1+ 41. Ke2 Rg1 42. Nxf7 Rxg2+ 43. Kd1 Nxf7 44. Rxf7 Be3 45. Rd7+ Ke5 0-1

[Event "Warsaw Maciei Memorial"]
[Site "Warsaw"]
[Date "2023.07.10"]
[Round "11"]
[White "Niezhentsev, Kyrylo"]
[Black "Pires, Emanuel Joao Robart"]
[Result "0-1"]
[WhiteElo "2057"]
[BlackElo "1994"]
[PlyCount "86"]
[EventDate "2023.07.10"]
[EventType "swiss (blitz)"]
[EventRounds "11"]
[EventCountry "POL"]
[SourceTitle "CBM 215 Extra"]
[Source "ChessBase"]
[SourceDate "2023.09.30"]
[SourceVersion "1"]
[SourceVersionDate "2023.09.30"]
[SourceQuality "1"]

1. e4 e6 2. d4 d5 3. Nc3 Nf6 4. Bg5 Be7 5. e5 Nfd7 6. Bxe7 Qxe7 7. f4 a6 8. Nf3 c5 9. g3 Nc6 10. Bg2 cxd4 11. Nxd4 Qb4 12. Nb3 Qb6 13. Qe2 0-0 14. Qf2 Qc7 15. 0-0 b5 16. a4 b4 17. Ne2 Na5 18. Nxa5 Qxa5 19. Nd4 Qc7 20. Rac1 Bb7 21. c3 Rac8 22. Qe3 Qb6 23. f5 exf5 24. Rxf5 bxc3 25. bxc3 Nc5 26. Rg5 Ne6 27. Rg4 Rfe8 28. h4 Rc4 29. Kh2 Rec8 30. Rf1 Rxc3 31. Qf2 R3c7 32. Nxe6 Qxe6 33. Rg5 h6 34. Bh3 Qe7 35. Bxc8 hxg5 36. Bxb7 Rxb7 37. Qd4 gxh4 38. Qxd5 hxg3+ 39. Kxg3 Qg5+ 40. Kf3 Qf5+ 41. Kg2 Rb2+ 42. Kg1 Qg4+ 43. Kh1 Qh3+ 0-1

[Event "Warsaw Maciei Memorial"]
[Site "Warsaw"]
[Date "2023.07.10"]
[Round "1"]
[White "Niezhentsev, Kyrylo"]
[Black "Wilkinson, Kevin1111"]
[Result "1-0"]
[WhiteElo "2057"]
[BlackElo "1549"]
[PlyCount "73"]
[EventDate "2023.07.10"]
[EventType "swiss (blitz)"]
[EventRounds "11"]
[EventCountry "POL"]
[SourceTitle "CBM 215 Extra"]
[Source "ChessBase"]
[SourceDate "2023.09.30"]
[SourceVersion "1"]
[SourceVersionDate "2023.09.30"]
[SourceQuality "1"]

1. e4 c5 2. Nf3 d6 3. d4 cxd4 4. Nxd4 Nf6 5. f3 a6 6. c4 e5 7. Nc2 Be7 8. Nc3 Be6 9. Be3 Nbd7 10. Be2 Rc8 11. Nd5 0-0 12. 0-0 h6 13. Qd2 Nc5 14. Rad1 Re8 15. Nxe7+ Qxe7 16. Qxd6 Qxd6 17. Rxd6 Nfd7 18. Rfd1 Red8 19. b3 Kf8 20. Nb4 Ke7 21. R6d2 a5 22. Nd5+ Bxd5 23. Rxd5 b6 24. Kf2 f6 25. Rd6 Kf7 26. Bxc5 bxc5 27. Rxd7+ Rxd7 28. Rxd7+ Kg6 29. Ke3 Rc6 30. f4 exf4+ 31. Kxf4 a4 32. bxa4 Ra6 33. Bg4 Rxa4 34. Bf5+ Kh5 35. Rxg7 Rxc4 36. Bg4+ Kh4 37. g3# 1-0

[Event "Warsaw Maciei Memorial"]
[Site "Warsaw"]
[Date "2023.07.10"]
[Round "6"]
[White "Podgorski, Maciej"]
[Black "Niezhentsev, Kyrylo"]
[Result "0-1"]
[WhiteElo "1960"]
[BlackElo "2057"]
[PlyCount "80"]
[EventDate "2023.07.10"]
[EventType "swiss (blitz)"]
[EventRounds "11"]
[EventCountry "POL"]
[SourceTitle "CBM 215 Extra"]
[Source "ChessBase"]
[SourceDate "2023.09.30"]
[SourceVersion "1"]
[SourceVersionDate "2023.09.30"]
[SourceQuality "1"]

1. e4 c5 2. Nc3 e6 3. d4 cxd4 4. Qxd4 Nc6 5. Qe3 Nf6 6. Bd2 Bb4 7. 0-0-0 Qe7 8. h3 Bc5 9. Qg3 0-0 10. e5 Nh5 11. Qg4 g6 12. f4 f5 13. exf6 Nxf6 14. Qh4 d5 15. Bd3 e5 16. fxe5 Nxe5 17. Bg5 Be6 18. Nf3 Nxf3 19. gxf3 Qf7 20. Rhe1 d4 21. Ne4 Nxe4 22. Qxe4 Bd5 23. Qe2 Bxf3 24. Qe5 Bxd1 25. Rxd1 Bb6 26. Qb5 Rac8 27. Re1 Bc5 28. Rd1 Bd6 29. a3 Bf4+ 30. Bxf4 Qxf4+ 31. Kb1 Qc7 32. Qb3+ Kg7 33. Qd5 Rcd8 34. Qe4 Rfe8 35. Qg4 Qe5 36. Rg1 Qe6 37. Qg3 Re7 38. h4 Rd5 39. Bc4 Qe5 40. Qd3 Qe4 0-1

[Event "Ostrava Konik op-A"]
[Site "Ostrava"]
[Date "2023.05.06"]
[Round "1"]
[White "Czerw, Dawid"]
[Black "Niezhentsev, Kyrylo"]
[Result "1-0"]
[WhiteElo "2407"]
[BlackElo "2078"]
[PlyCount "139"]
[EventDate "2023.05.06"]
[EventType "swiss"]
[EventRounds "9"]
[EventCountry "CZE"]
[SourceTitle "CBM 214 Extra"]
[Source "ChessBase"]
[SourceDate "2023.07.31"]
[SourceVersion "1"]
[SourceVersionDate "2023.07.31"]
[SourceQuality "1"]

1. e4 c5 2. Nf3 d6 3. d4 Nf6 4. Nc3 cxd4 5. Nxd4 a6 6. h4 b5 7. Nd5 Bb7 8. Nxf6+ exf6 9. Rh3 Nc6 10. Nxc6 Bxc6 11. Bf4 Be7 12. Qe2 h5 13. 0-0-0 Qc7 14. Rhd3 Rd8 15. f3 0-0 16. Qd2 Rd7 17. Bxd6 Bxd6 18. Rxd6 Rfd8 19. Rxd7 Rxd7 20. Qe3 Rxd1+ 21. Kxd1 Qd6+ 22. Qd2 Qc5 23. c3 Qg1 24. Ke1 Qh2 25. Qd8+ Kh7 26. Qc8 Qxh4+ 27. Ke2 Bxe4 28. fxe4 Qxe4+ 29. Kf2 Qf4+ 30. Kg1 Qe3+ 31. Kh1 Qf4 32. Bd3+ g6 33. Qe8 Qc1+ 34. Kh2 Qf4+ 35. Kg1 Qc1+ 36. Bf1 Kg7 37. Qe2 h4 38. a3 g5 39. c4 bxc4 40. Qxc4 Qxb2 41. Qxa6 g4 42. Qe2 Qxa3 43. Qxg4+ Kf8 44. Qxh4 Qe3+ 45. Qf2 Qe5 46. g3 Kg7 47. Bd3 Qa1+ 48. Kg2 Qc3 49. Qe2 Qb4 50. Be4 Qd4 51. Kh2 Kf8 52. Qg2 Kg7 53. Bd5 Kf8 54. Qa2 Qd3 55. Kg2 Qg6 56. Qa8+ Kg7 57. Qc8 Qd3 58. Qg4+ Kf8 59. Qh5 Qc2+ 60. Kh3 Qc7 61. Qh8+ Ke7 62. Qa8 Qc2 63. Qb7+ Kd6 64. Bb3 Qd3 65. Qb4+ Kd7 66. Ba4+ Kc7 67. Qe7+ Kb6 68. Qxf6+ Ka5 69. Bc6 Qh7+ 70. Kg4 1-0

[Event "Bucharest Grand Prix"]
[Site "Bucharest"]
[Date "2023.04.29"]
[Round "4"]
[White "Niezhentsev, Kyrylo"]
[Black "Bernadskiy, Vitaliy"]
[Result "0-1"]
[WhiteElo "2078"]
[BlackElo "2619"]
[PlyCount "91"]
[EventDate "2023.04.29"]
[EventType "swiss (rapid)"]
[EventRounds "10"]
[EventCountry "ROU"]
[SourceTitle "CBM 213 Extra"]
[Source "ChessBase"]
[SourceDate "2023.05.31"]
[SourceVersion "1"]
[SourceVersionDate "2023.05.31"]
[SourceQuality "1"]

1. e4 c5 2. Nf3 d6 3. d4 cxd4 4. Nxd4 Nf6 5. f3 e5 6. Nb3 Be7 7. c4 a5 8. Nc3 0-0 9. Be3 a4 10. Nd2 Qa5 11. a3 Bd8 12. Be2 Nc6 13. Nd5 Nxd5 14. cxd5 Ne7 15. 0-0 Bb6 16. Nc4 Bxe3+ 17. Nxe3 f5 18. Kh1 b5 19. Nc2 Bd7 20. Nb4 Ng6 21. Rc1 Qb6 22. Qd2 Nf4 23. Nc6 Rf7 24. g3 Nxe2 25. Qxe2 Raf8 26. exf5 Bxf5 27. Rc3 Bh3 28. Rf2 h6 29. Qe3 Qxe3 30. Rxe3 g5 31. Kg1 g4 32. f4 exf4 33. Ree2 Kh7 34. Re7 Rxe7 35. Nxe7 f3 36. Rc2 Kg7 37. Kf2 Kf6 38. Nc6 Re8 39. Rd2 h5 40. Rc2 Re4 41. Rd2 Rc4 42. Na7 b4 43. Nb5 bxa3 44. Nxa3 Rc1 45. Nb5 Ke5 46. Na7 0-1

[Event "Arandjelovac op 1st"]
[Site "Arandjelovac"]
[Date "2023.03.16"]
[Round "2"]
[White "Niezhentsev, Kyrylo"]
[Black "Drljevic, Ljilja"]
[Result "1-0"]
[WhiteElo "1992"]
[BlackElo "2184"]
[PlyCount "92"]
[EventDate "2023.03.15"]
[EventType "swiss"]
[EventRounds "9"]
[EventCountry "SRB"]
[SourceTitle "CBM 213 Extra"]
[Source "ChessBase"]
[SourceDate "2023.05.31"]
[SourceVersion "1"]
[SourceVersionDate "2023.05.31"]
[SourceQuality "1"]

1. e4 d6 2. d4 Nf6 3. Nc3 Nbd7 4. Nf3 e5 5. Bc4 Be7 6. d5 0-0 7. h3 c6 8. Be3 b5 9. dxc6 bxc4 10. cxd7 Qxd7 11. Bg5 Qb7 12. Bxf6 Bxf6 13. Rb1 Rd8 14. Qe2 Be6 15. 0-0 Rac8 16. Rfd1 Be7 17. Qe3 h6 18. Rd2 Rd7 19. Nd5 Qa6 20. a3 Bd8 21. Rbd1 Ba5 22. c3 Qb5 23. Qe2 Bd8 24. Ne3 Qc6 25. Nd5 a5 26. Kh1 Rb8 27. Rg1 Rb5 28. g4 Qb7 29. Rgd1 Qc6 30. Qe3 Qb7 31. Qe2 Rc5 32. a4 Qc6 33. Qe3 Kf8 34. g5 hxg5 35. Nxg5 Bxd5 36. exd5 Qxa4 37. Rg1 Kg8 38. Ne4 Rcc7 39. Qh6 f5 40. Qe6+ Kf8 41. Nxd6 Re7 42. Qxf5+ Kg8 43. Ne4 Rf7 44. Qxe5 Qd7 45. Qe6 Kf8 46. Qxd7 Rcxd7 1-0

[Event "Arandjelovac op 1st"]
[Site "Arandjelovac"]
[Date "2023.03.15"]
[Round "1"]
[White "Jocev, Milan"]
[Black "Niezhentsev, Kyrylo"]
[Result "1-0"]
[WhiteElo "2315"]
[BlackElo "1992"]
[PlyCount "73"]
[EventDate "2023.03.15"]
[EventType "swiss"]
[EventRounds "9"]
[EventCountry "SRB"]
[SourceTitle "CBM 213 Extra"]
[Source "ChessBase"]
[SourceDate "2023.05.31"]
[SourceVersion "1"]
[SourceVersionDate "2023.05.31"]
[SourceQuality "1"]

1. d4 Nf6 2. c4 e6 3. g3 c6 4. Bg2 d5 5. Nf3 b6 6. 0-0 Be7 7. b3 0-0 8. Bb2 Nbd7 9. Nc3 Ba6 10. Rc1 Rc8 11. Qd3 c5 12. Nb5 cxd4 13. Nfxd4 Nc5 14. Qb1 Qd7 15. Rfd1 Rfd8 16. Nc3 e5 17. Nf3 d4 18. e3 Qc7 19. exd4 e4 20. Ne1 Ne6 21. Nxe4 Nxe4 22. Qxe4 Bf6 23. Nc2 Ng5 24. Qg4 Bb7 25. h4 Ne6 26. Ba1 b5 27. d5 Bxa1 28. Nxa1 Nc5 29. b4 Na6 30. c5 Qe5 31. c6 f5 32. Qf4 Qxf4 33. gxf4 Bxc6 34. dxc6 Rxd1+ 35. Rxd1 Nxb4 36. Rd6 Kf8 37. a3 1-0

[Event "EU-ch Rapid"]
[Site "Katowice"]
[Date "2022.12.18"]
[Round "8"]
[White "D'Costa, Lorin AR"]
[Black "Niezhentsev, Kyrylo"]
[Result "1/2-1/2"]
[WhiteElo "2375"]
[BlackElo "2052"]
[PlyCount "59"]
[EventDate "2022.12.17"]
[EventType "swiss (rapid)"]
[EventRounds "11"]
[EventCountry "POL"]
[SourceTitle "CBM 211 Extra"]
[Source "ChessBase"]
[SourceDate "2023.01.31"]
[SourceVersion "1"]
[SourceVersionDate "2023.01.31"]
[SourceQuality "1"]

1. Nf3 d5 2. d4 Bg4 3. c4 dxc4 4. Ne5 Bh5 5. Nc3 e6 6. g3 Nf6 7. Bg2 c6 8. 0-0 Nbd7 9. Nxc4 Be7 10. b3 0-0 11. Bb2 a5 12. a3 Nd5 13. Qd2 b5 14. Ne3 N7f6 15. Nc2 a4 16. bxa4 Nxc3 17. Bxc3 Rxa4 18. Bxc6 Rc4 19. Bxb5 Ne4 20. Bxc4 Nxd2 21. Bxd2 Bg6 22. Rfc1 Bxc2 23. Rxc2 Qxd4 24. Raa2 Rb8 25. Bb4 Bf6 26. Bd3 Qd5 27. Bc4 Qd4 28. Bd3 Qd5 29. Bc4 Qd4 30. Bd3 1/2-1/2

[Event "Warsaw-ch op"]
[Site "Warsaw"]
[Date "2022.12.04"]
[Round "4"]
[White "Rylski, Tadeusz"]
[Black "Niezhentsev, Kyrylo"]
[Result "1/2-1/2"]
[WhiteElo "1754"]
[BlackElo "2052"]
[PlyCount "76"]
[EventDate "2022.12.03"]
[EventType "swiss"]
[EventRounds "9"]
[EventCountry "POL"]
[SourceTitle "EXT 2024"]
[Source "ChessBase"]
[SourceDate "2023.10.10"]
[SourceVersion "1"]
[SourceVersionDate "2023.10.10"]
[SourceQuality "1"]

1. d4 Nf6 2. Nf3 b6 3. g3 e6 4. Bg2 d5 5. c4 c6 6. Nbd2 Be7 7. 0-0 0-0 8. b3 Bb7 9. Bb2 Nbd7 10. Rc1 Rc8 11. Re1 c5 12. Rc2 Re8 13. Qa1 Nb8 14. Ne5 Nc6 15. Nxc6 Bxc6 16. e4 dxe4 17. Nxe4 Bxe4 18. Bxe4 Nxe4 19. Rxe4 Bf6 20. dxc5 Bxb2 21. Qxb2 bxc5 22. Rd2 Qe7 23. Re3 Red8 24. Red3 Rxd3 25. Rxd3 Rd8 26. Qd2 Rxd3 27. Qxd3 h6 28. Qd2 Qf6 29. Kg2 Qe5 30. h4 Qe4+ 31. Kg1 Qb1+ 32. Kg2 Kh7 33. Qa5 Qe4+ 34. Kg1 Qb1+ 35. Kh2 Qf5 36. Kg1 Qb1+ 37. Kh2 Qf5 38. Qd2 Qb1 1/2-1/2

[Event "Warsaw YMCA Golden Autumn 267th"]
[Site "Warsaw"]
[Date "2022.09.30"]
[Round "10"]
[White "Niezhentsev, Kyrylo"]
[Black "Golecki, Jan"]
[Result "0-1"]
[WhiteElo "2009"]
[BlackElo "2193"]
[PlyCount "182"]
[EventDate "2022.09.30"]
[EventType "tourn"]
[EventRounds "13"]
[EventCountry "POL"]
[SourceTitle "EXT 2024"]
[Source "ChessBase"]
[SourceDate "2023.10.10"]
[SourceVersion "1"]
[SourceVersionDate "2023.10.10"]
[SourceQuality "1"]

1. e4 e5 2. Nf3 Nc6 3. Bc4 Nf6 4. d3 Bc5 5. Qe2 d6 6. c3 0-0 7. Bb3 Bb6 8. Nbd2 Na5 9. Bc2 c5 10. Nf1 Nc6 11. Bg5 h6 12. Bh4 g5 13. Nxg5 hxg5 14. Bxg5 Kg7 15. Qf3 Rh8 16. Ne3 Be6 17. h4 Nb8 18. h5 Rh6 19. Bxh6+ Kxh6 20. g4 Nh7 21. 0-0-0 Qg5 22. Kb1 Nd7 23. Bb3 Nhf6 24. Rhg1 Rg8 25. Nf5+ Bxf5 26. exf5 Qf4 27. Qxb7 Rxg4 28. Bxf7 Qxf5 29. Bg6 Rxg1 30. Bxf5 Rxd1+ 31. Kc2 Rg1 32. Bxd7 Rg7 33. Qf3 Nxd7 34. Qc6 Kxh5 35. Qxd6 c4 36. d4 Rf7 37. f3 exd4 38. cxd4 Nf8 39. Qd5+ Kg6 40. Qe4+ Kg7 41. Qe5+ Rf6 42. Qe7+ Kg6 43. Qe4+ Kf7 44. Qd5+ Ke7 45. Qxc4 Ne6 46. d5 Nd4+ 47. Kd3 Rxf3+ 48. Ke4 Rf6 49. Qb4+ Kd7 50. Qa4+ Kd8 51. Qd1 Rf7 52. Qh5 Re7+ 53. Kd3 Nb5 54. Qh8+ Kc7 55. Qf6 Re3+ 56. Kd2 Nd6 57. Qg7+ Kc8 58. Qg8+ Kb7 59. Qg7+ Ka6 60. Qg4 Ne4+ 61. Kc2 Kb5 62. b3 Kc5 63. Qd7 Kd4 64. Qa4+ Kxd5 65. Qb5+ Kd4 66. Qd7+ Ke5 67. Qe8+ Kf4 68. Qf7+ Kg3 69. Qg7+ Kf2 70. a4 Ke2 71. Qg4+ Kf2 72. Qf4+ Ke1 73. Qh4+ Nf2 74. Qb4+ Kf1 75. a5 Re2+ 76. Kb1 Be3 77. Qc4 Ke1 78. b4 Rd2 79. b5 Nd1 80. Qh4+ Ke2 81. Qc4+ Kf3 82. b6 axb6 83. a6 b5 84. Qf7+ Ke2 85. Qb3 Kf3 86. Qf7+ Ke4 87. Qb7+ Kd4 88. Qb6+ Kc4 89. Qc6+ Kb4 90. a7 Bxa7 91. Qe4+ Rd4 0-1

[Event "Warsaw YMCA Golden Autumn 267th"]
[Site "Warsaw"]
[Date "2022.09.30"]
[Round "1"]
[White "Niezhentsev, Kyrylo"]
[Black "Podgorski, Maciej"]
[Result "1-0"]
[WhiteElo "2009"]
[BlackElo "2059"]
[PlyCount "141"]
[EventDate "2022.09.30"]
[EventType "tourn"]
[EventRounds "13"]
[EventCountry "POL"]
[SourceTitle "EXT 2024"]
[Source "ChessBase"]
[SourceDate "2023.10.10"]
[SourceVersion "1"]
[SourceVersionDate "2023.10.10"]
[SourceQuality "1"]

1. e4 d5 2. exd5 Qxd5 3. Nf3 Nf6 4. d4 Bg4 5. Be2 e6 6. c4 Qd8 7. a3 Be7 8. 0-0 0-0 9. b4 Nc6 10. Bb2 Qd7 11. b5 Na5 12. Qa4 Bxf3 13. Bxf3 b6 14. Bxa8 Rxa8 15. Bc3 Ne4 16. c5 Rd8 17. cxb6 cxb6 18. Bxa5 bxa5 19. Ra2 Bf6 20. Re2 Nd6 21. Nc3 Rc8 22. Ne4 Qxb5 23. Qxb5 Nxb5 24. Rb2 Nxa3 25. Nxf6+ gxf6 26. Ra2 Rc3 27. Raa1 a4 28. h3 Kg7 29. Ra2 Kg6 30. Rfa1 Nc4 31. Rxa4 a5 32. Re1 f5 33. Raa1 Rb3 34. Ra4 Rc3 35. Rb1 Nd2 36. Rd1 Nc4 37. Ra2 Kg5 38. d5 exd5 39. Rxd5 a4 40. Rxa4 Nb6 41. h4+ Kh5 42. Rxf5+ Kg6 43. Rg5+ Kf6 44. Rf4+ Ke7 45. Rg7 Nd5 46. Rfxf7+ Ke6 47. Rxh7 Nf6 48. Rxf6+ Kxf6 49. g3 Kg6 50. Ra7 Kh5 51. Kg2 Kg4 52. f3+ Kf5 53. Ra5+ Kg6 54. g4 Rc1 55. Ra6+ Kg7 56. Kg3 Rg1+ 57. Kf4 Rb1 58. h5 Rb4+ 59. Kg3 Rb1 60. g5 Rh1 61. Ra7+ Kg8 62. Kg4 Rg1+ 63. Kf5 Rb1 64. h6 Rb5+ 65. Kg4 Rb1 66. g6 Rb4+ 67. f4 Rb8 68. Kg5 Rb5+ 69. f5 Rb8 70. h7+ Kh8 71. Kh6 1-0

[Event "Warsaw Szansa op"]
[Site "Warsaw"]
[Date "2022.09.17"]
[Round "2"]
[White "Kozak, Antoni"]
[Black "Niezhentsev, Kyrylo"]
[Result "1-0"]
[WhiteElo "2434"]
[BlackElo "2009"]
[PlyCount "59"]
[EventDate "2022.09.17"]
[EventType "swiss (rapid)"]
[EventRounds "11"]
[EventCountry "POL"]
[SourceTitle "EXT 2023"]
[Source "ChessBase"]
[SourceDate "2022.10.05"]
[SourceVersion "1"]
[SourceVersionDate "2022.10.05"]
[SourceQuality "1"]

1. c4 e5 2. Nc3 Nf6 3. g3 d5 4. cxd5 Nxd5 5. Bg2 Nb6 6. e3 Nc6 7. a3 Be7 8. Nge2 Be6 9. 0-0 0-0 10. f4 exf4 11. Nxf4 Bc4 12. d3 Ba6 13. b4 Bf6 14. Bb2 Re8 15. Qb1 Bxc3 16. Bxc3 Bb5 17. Qb3 Ba4 18. Qa2 Qe7 19. Nh5 Qxe3+ 20. Kh1 Qe6 21. Bxg7 Qxa2 22. Rxa2 Nd7 23. Bd5 Nd8 24. Kg1 Bc6 25. Bb3 a5 26. Raf2 Ne6 27. Rxf7 axb4 28. axb4 Rad8 29. Bc3 Ra8 30. Rg7+ 1-0

[Event "Ustron op-B"]
[Site "Ustron"]
[Date "2022.08.20"]
[Round "9"]
[White "Lichorad, Mateusz"]
[Black "Niezhentsev, Kyrylo"]
[Result "1/2-1/2"]
[WhiteElo "1877"]
[BlackElo "2061"]
[PlyCount "92"]
[EventDate "2022.08.12"]
[EventType "swiss"]
[EventRounds "9"]
[EventCountry "POL"]
[SourceTitle "CBM 209 Extra"]
[Source "ChessBase"]
[SourceDate "2022.09.30"]
[SourceVersion "1"]
[SourceVersionDate "2022.09.30"]
[SourceQuality "1"]

1. e4 c5 2. Nf3 d6 3. d4 Nf6 4. Nc3 cxd4 5. Nxd4 a6 6. h3 e5 7. Nb3 Be6 8. g3 d5 9. exd5 Nxd5 10. Bg2 Bb4 11. 0-0 Nxc3 12. Qxd8+ Kxd8 13. bxc3 Bxc3 14. Rb1 Nd7 15. Bxb7 Rb8 16. Bxa6 Ra8 17. Bb5 Rxa2 18. Bxd7 Kxd7 19. Nc5+ Kc6 20. Nxe6 fxe6 21. Be3 Bd4 22. Rbe1 Kd5 23. c3 Bxc3 24. Rb1 Bd4 25. Rfd1 Rc8 26. Rb7 Ke4 27. Re1 Ra1 28. Rxa1 Bxa1 29. Rxg7 Bd4 30. Bh6 Rc2 31. Rf7 Kd3 32. Kf1 e4 33. h4 Ra2 34. h5 e5 35. g4 Ra7 36. Rxa7 Bxa7 37. Bg7 e3 38. fxe3 Bxe3 39. Bxe5 Ke4 40. Bg3 Kf3 41. Be1 Kxg4 42. Kg2 Kxh5 43. Kh1 Kg4 44. Ba5 h5 45. Bd8 h4 46. Bxh4 Kxh4 1/2-1/2